[Event "COL-ch U2000"]
[Site "Pereira"]
[Date "2022.02.17"]
[Round "2"]
[White "Hernandez, Stefano"]
[Black "Casas Ospina, Favio"]
[Result "1-0"]
[WhiteElo "1706"]
[BlackElo "1796"]
[PlyCount "55"]
[EventDate "2022.02.16"]
[EventType "swiss"]
[EventRounds "9"]
[EventCountry "COL"]
[SourceTitle "CBM 207 Extra"]
[Source "ChessBase"]
[SourceDate "2022.05.31"]
[SourceVersion "1"]
[SourceVersionDate "2022.05.31"]
[SourceQuality "1"]

1. e4 c5 2. Nf3 Nf6 3. Nc3 d5 4. Bb5+ Bd7 5. e5 Bxb5 6. exf6 Bc6 7. fxg7 Bxg7 8. d4 Qb6 9. dxc5 Qxc5 10. Qd3 e5 11. Qf5 Nd7 12. Nd2 0-0-0 13. Nb3 Qe7 14. Bg5 f6 15. Bh4 Kb8 16. 0-0-0 Qb4 17. Bg3 Ka8 18. Nxd5 Bxd5 19. Rxd5 Nb6 20. Rxd8+ Rxd8 21. Qxh7 Qg4 22. Qh4 Qg6 23. f3 Rc8 24. Qe4 f5 25. Qe2 f4 26. Bf2 Nc4 27. Rd1 Bh8 28. Qxc4 1-0

[Event "COL-ch U2000"]
[Site "Pereira"]
[Date "2022.02.17"]
[Round "3"]
[White "Valdes, Nicolas"]
[Black "Casas Ospina, Favio"]
[Result "1/2-1/2"]
[WhiteElo "1916"]
[BlackElo "1796"]
[PlyCount "39"]
[EventDate "2022.02.16"]
[EventType "swiss"]
[EventRounds "9"]
[EventCountry "COL"]
[SourceTitle "CBM 207 Extra"]
[Source "ChessBase"]
[SourceDate "2022.05.31"]
[SourceVersion "1"]
[SourceVersionDate "2022.05.31"]
[SourceQuality "1"]

1. e4 c5 2. c3 Nf6 3. e5 Nd5 4. Bc4 Nb6 5. Bb3 a5 6. Bc2 Nc6 7. f4 d6 8. exd6 Qxd6 9. Qf3 h5 10. h3 g6 11. b3 Be6 12. Ba3 Qd7 13. Ne2 Bg7 14. 0-0 Rd8 15. Bxc5 Qc7 16. Qf2 f5 17. Re1 Kf7 18. b4 Nd7 19. b5 b6 20. Ba3 1/2-1/2

[Event "COL Subzt 2.3.4"]
[Site "Risarald"]
[Date "2021.11.28"]
[Round "9"]
[White "Casas Ospina, Favio"]
[Black "Cuervo Velasquez, Juan Manuel"]
[Result "1/2-1/2"]
[WhiteElo "1803"]
[BlackElo "1392"]
[PlyCount "29"]
[EventDate "2021.11.23"]
[EventType "swiss"]
[EventRounds "9"]
[EventCountry "COL"]
[SourceTitle "CBM 205 Extra"]
[Source "ChessBase"]
[SourceDate "2022.01.31"]
[SourceVersion "1"]
[SourceVersionDate "2022.01.31"]
[SourceQuality "1"]

1. e4 c5 2. d4 cxd4 3. c3 dxc3 4. Nxc3 d6 5. Bc4 e6 6. Nf3 Nc6 7. 0-0 Be7 8. Bf4 Nf6 9. h3 0-0 10. Qe2 e5 11. Be3 h6 12. Rfd1 Be6 13. Bb5 Qa5 14. a3 Bb3 15. Rdc1 1/2-1/2

[Event "COL Subzt 2.3.4"]
[Site "Risarald"]
[Date "2021.11.25"]
[Round "5"]
[White "Casas Ospina, Favio"]
[Black "Gonzalez Mojica, Renan Arturo"]
[Result "0-1"]
[WhiteElo "1803"]
[BlackElo "1972"]
[PlyCount "32"]
[EventDate "2021.11.23"]
[EventType "swiss"]
[EventRounds "9"]
[EventCountry "COL"]
[SourceTitle "CBM 205 Extra"]
[Source "ChessBase"]
[SourceDate "2022.01.31"]
[SourceVersion "1"]
[SourceVersionDate "2022.01.31"]
[SourceQuality "1"]

1. e4 d6 2. d4 Nf6 3. Nc3 g6 4. f4 Bg7 5. Nf3 c5 6. d5 0-0 7. Bc4 b5 8. Bxb5 Nxe4 9. Nxe4 Qa5+ 10. c3 Qxb5 11. Qe2 Qxe2+ 12. Kxe2 Ba6+ 13. Kf2 Nd7 14. b3 f5 15. Neg5 Bxc3 16. Rb1 Bd3 0-1

[Event "COL Subzt 2.3.4"]
[Site "Risarald"]
[Date "2021.11.25"]
[Round "4"]
[White "Castano, Julian Marcelo"]
[Black "Casas Ospina, Favio"]
[Result "1/2-1/2"]
[WhiteElo "1986"]
[BlackElo "1803"]
[PlyCount "52"]
[EventDate "2021.11.23"]
[EventType "swiss"]
[EventRounds "9"]
[EventCountry "COL"]
[SourceTitle "CBM 205 Extra"]
[Source "ChessBase"]
[SourceDate "2022.01.31"]
[SourceVersion "1"]
[SourceVersionDate "2022.01.31"]
[SourceQuality "1"]

1. d4 Nf6 2. Nf3 b5 3. g3 Bb7 4. Bg2 e6 5. 0-0 c5 6. c3 d5 7. Ne5 Bd6 8. Nd2 cxd4 9. cxd4 Qb6 10. Ndf3 0-0 11. Bf4 Nh5 12. Be3 f5 13. Qd2 Nf6 14. Rac1 Nbd7 15. Nxd7 Nxd7 16. Bf4 Rac8 17. Bxd6 Qxd6 18. e3 h6 19. h4 Nf6 20. Ne5 Nd7 21. Nxd7 Qxd7 22. Rxc8 Rxc8 23. Rc1 Rc4 24. b3 Rxc1+ 25. Qxc1 Qc6 26. Qxc6 Bxc6 1/2-1/2

[Event "COL-ch Amateurs U2000"]
[Site "Bogota"]
[Date "2021.06.27"]
[Round "7"]
[White "Casas Ospina, Favio"]
[Black "Rodriguez Munoz, Cesar Esteban"]
[Result "1/2-1/2"]
[WhiteElo "1828"]
[BlackElo "1838"]
[PlyCount "115"]
[EventDate "2021.06.23"]
[EventType "swiss"]
[EventRounds "7"]
[EventCountry "COL"]
[SourceTitle "CBM 203 Extra"]
[Source "ChessBase"]
[SourceDate "2021.09.30"]
[SourceVersion "1"]
[SourceVersionDate "2021.09.30"]
[SourceQuality "1"]

1. e4 c5 2. d4 cxd4 3. c3 d5 4. exd5 Qxd5 5. cxd4 Nc6 6. Nf3 e6 7. Nc3 Bb4 8. a3 Bxc3+ 9. bxc3 Nf6 10. Bd3 0-0 11. 0-0 h6 12. Re1 Rd8 13. Rb1 a6 14. a4 Qa5 15. Bd2 Qc7 16. Ne5 Nxe5 17. Rxe5 Rd5 18. Re3 Bd7 19. Rg3 Kh8 20. Qf3 Rg8 21. Bxh6 Nh5 22. Rh3 gxh6 23. Rxh5 Rxh5 24. Qxh5 Kg7 25. Qf3 Bc6 26. Qg3+ Qxg3 27. hxg3 Kf6 28. Be2 Rc8 29. Ra1 Bd5 30. Ra3 e5 31. dxe5+ Kxe5 32. f4+ Kd6 33. Bf3 Rc4 34. Kf2 a5 35. Ke3 f5 36. Kd3 Rc7 37. Bxd5 Kxd5 38. Rb3 Rg7 39. c4+ Kc5 40. Rb5+ Kc6 41. Rxa5 Rxg3+ 42. Kd4 Rxg2 43. Rxf5 Rd2+ 44. Ke3 Rd6 45. Ke4 b6 46. Re5 Rg6 47. Kf5 Rg8 48. Re6+ Kc5 49. Rxh6 Ra8 50. Ke6 Rxa4 51. Rh5+ Kxc4 52. f5 Ra8 53. f6 b5 54. f7 b4 55. Ke7 b3 56. f8Q Rxf8 57. Kxf8 b2 58. Rh1 1/2-1/2

[Event "COL-ch Amateurs U2000"]
[Site "Bogota"]
[Date "2021.06.26"]
[Round "6"]
[White "Builes Palacio, Santiago"]
[Black "Casas Ospina, Favio"]
[Result "1-0"]
[WhiteElo "1928"]
[BlackElo "1828"]
[PlyCount "116"]
[EventDate "2021.06.23"]
[EventType "swiss"]
[EventRounds "7"]
[EventCountry "COL"]
[SourceTitle "CBM 203 Extra"]
[Source "ChessBase"]
[SourceDate "2021.09.30"]
[SourceVersion "1"]
[SourceVersionDate "2021.09.30"]
[SourceQuality "1"]

1. e4 c5 2. Nf3 Nf6 3. e5 Nd5 4. Nc3 e6 5. Nxd5 exd5 6. d4 d6 7. Bb5+ Nc6 8. 0-0 Bg4 9. Re1 Be7 10. exd6 Qxd6 11. dxc5 Qxc5 12. Be2 0-0 13. Be3 Qa5 14. c3 Bf6 15. Qb3 b6 16. Rad1 Be6 17. Nd4 Rac8 18. Bb5 Nxd4 19. Bxd4 Bxd4 20. Rxd4 a6 21. Be2 b5 22. Bf3 Rc4 23. Red1 Re8 24. g3 Qb6 25. Bxd5 Bxd5 26. Rxd5 g6 27. Rd6 Qa7 28. Rd7 Qc5 29. Rd8 Rxd8 30. Rxd8+ Kg7 31. Qd1 b4 32. cxb4 Rxb4 33. Qd6 Qxd6 34. Rxd6 Rxb2 35. Rxa6 g5 36. g4 Rc2 37. a4 Rc4 38. h3 Rc3 39. Kg2 Ra3 40. a5 h6 41. Ra8 Kh7 42. a6 Kg7 43. f3 Ra2+ 44. Kf1 Kf6 45. Ke1 Ke5 46. Ra7 f6 47. Ra8 Kf4 48. a7 Kxf3 49. Rf8 Rxa7 50. Rxf6+ Kg3 51. Rxh6 Ra1+ 52. Ke2 Ra2+ 53. Ke3 Ra8 54. Ke4 Rf8 55. Rh5 Rf1 56. Ke5 Rf2 57. Rxg5 Kxh3 58. Rf5 Rg2 1-0

[Event "COL-ch Amateurs U2000"]
[Site "Bogota"]
[Date "2021.06.23"]
[Round "1"]
[White "Casas Ospina, Favio"]
[Black "Estrada, Walter"]
[Result "0-1"]
[WhiteElo "1828"]
[BlackElo "1958"]
[PlyCount "52"]
[EventDate "2021.06.23"]
[EventType "swiss"]
[EventRounds "7"]
[EventCountry "COL"]
[SourceTitle "CBM 203 Extra"]
[Source "ChessBase"]
[SourceDate "2021.09.30"]
[SourceVersion "1"]
[SourceVersionDate "2021.09.30"]
[SourceQuality "1"]

1. e4 c6 2. d4 d5 3. e5 c5 4. c3 cxd4 5. cxd4 Nc6 6. Nc3 Bf5 7. g4 Bg6 8. h4 h5 9. e6 fxe6 10. Bd3 Bxd3 11. Qxd3 Qb6 12. Nge2 hxg4 13. Qg6+ Kd7 14. Qxg4 Nf6 15. Qh3 Nxd4 16. Nxd4 Qxd4 17. Be3 Qg4 18. Qh2 Qb4 19. 0-0-0 Rc8 20. Rd4 Qb5 21. f3 g6 22. Kd1 Qc6 23. Rg1 Bh6 24. Bxh6 Rxh6 25. Qd2 Rch8 26. Qe1 Qb6 0-1

[Event "COL-ch Amateur U2000"]
[Site "Paipa"]
[Date "2020.02.29"]
[Round "6"]
[White "Casas Ospina, Favio"]
[Black "Guerra, Miguel"]
[Result "0-1"]
[WhiteElo "1832"]
[BlackElo "1654"]
[PlyCount "32"]
[EventDate "2020.02.26"]
[EventType "swiss"]
[EventRounds "9"]
[EventCountry "COL"]
[SourceTitle "CBM 195 Extra"]
[Source "ChessBase"]
[SourceDate "2020.05.31"]
[SourceVersion "1"]
[SourceVersionDate "2020.05.31"]
[SourceQuality "1"]

1. e4 c6 2. c4 d5 3. cxd5 cxd5 4. exd5 Qxd5 5. Nc3 Qd8 6. d4 e6 7. Nf3 Nf6 8. Bd3 Be7 9. 0-0 a6 10. a4 b6 11. h3 Bb7 12. Be3 Nbd7 13. Rc1 0-0 14. Qe2 a5 15. Bb5 Nd5 16. Nxd5 Bxd5 0-1

[Event "COL-ch Amateur U2000"]
[Site "Paipa"]
[Date "2020.02.28"]
[Round "4"]
[White "Casas Ospina, Favio"]
[Black "Paez, Adolfo"]
[Result "1-0"]
[WhiteElo "1832"]
[BlackElo "1724"]
[PlyCount "43"]
[EventDate "2020.02.26"]
[EventType "swiss"]
[EventRounds "9"]
[EventCountry "COL"]
[SourceTitle "CBM 195 Extra"]
[Source "ChessBase"]
[SourceDate "2020.05.31"]
[SourceVersion "1"]
[SourceVersionDate "2020.05.31"]
[SourceQuality "1"]

1. e4 c5 2. d4 cxd4 3. c3 d3 4. Bxd3 d6 5. f4 Nf6 6. Nf3 Qb6 7. Qe2 Nc6 8. Be3 Qc7 9. Na3 a6 10. h3 e6 11. Nc4 b5 12. Nb6 Rb8 13. Nxc8 Rxc8 14. g4 Be7 15. a4 b4 16. g5 Nh5 17. Kf2 bxc3 18. bxc3 a5 19. Bb5 0-0 20. Bxc6 Qxc6 21. Nd4 Qxc3 22. Qxh5 1-0

[Event "Pan American-ch Amateur U2000"]
[Site "San Jose"]
[Date "2019.10.23"]
[Round "1.13"]
[White "Calvo Campos, Adrian"]
[Black "Casas Ospina, Favio"]
[Result "1-0"]
[WhiteElo "1702"]
[BlackElo "1852"]
[PlyCount "59"]
[EventDate "2019.10.23"]
[EventType "swiss"]
[EventRounds "9"]
[EventCountry "CRI"]
[SourceTitle "EXT 2024"]
[Source "ChessBase"]
[SourceDate "2023.10.10"]
[SourceVersion "1"]
[SourceVersionDate "2023.10.10"]
[SourceQuality "1"]

1. e4 e5 2. Nf3 Nc6 3. Bc4 Bc5 4. c3 Qe7 5. 0-0 Nf6 6. Re1 d6 7. h3 0-0 8. a4 a5 9. Na3 h6 10. Nc2 Be6 11. Bf1 Bb3 12. d3 Rad8 13. Nd2 Be6 14. Ne3 Qd7 15. Nf3 g5 16. d4 exd4 17. cxd4 Bb4 18. d5 Bxe1 19. Nxe1 Nxe4 20. dxc6 Qxc6 21. Qh5 Kg7 22. Bb5 Qb6 23. b4 Qd4 24. Rb1 Nc3 25. Bb2 axb4 26. N1c2 Qc5 27. Ba1 f6 28. Rxb4 Nxb5 29. Rxb5 Qa7 30. Nd4 1-0

[Event "Tunja Boyaca op-B"]
[Site "Tunja"]
[Date "2019.08.01"]
[Round "2"]
[White "Campos Cruz, Felix Antonio"]
[Black "Casas Ospina, Favio"]
[Result "0-1"]
[WhiteElo "1302"]
[BlackElo "1719"]
[PlyCount "27"]
[EventDate "2019.07.31"]
[EventType "swiss"]
[EventRounds "9"]
[EventCountry "COL"]
[SourceTitle "EXT 2020"]
[Source "ChessBase"]
[SourceDate "2019.10.17"]
[SourceVersion "1"]
[SourceVersionDate "2019.10.17"]
[SourceQuality "1"]

1. d4 Nf6 2. g3 d5 3. Nf3 c5 4. dxc5 Qa5+ 5. c3 Qxc5 6. Bg2 Nc6 7. Be3 Qd6 8. Nbd2 Ng4 9. 0-0 Nxe3 10. fxe3 Qh6 11. Nd4 Qxe3+ 12. Kh1 Nxd4 13. cxd4 Qxd4 14. b3 0-1

[Event "COL-ch U2000"]
[Site "Pereira"]
[Date "2019.03.24"]
[Round "7"]
[White "Restrepo, Hugo"]
[Black "Casas Ospina, Favio"]
[Result "1-0"]
[WhiteElo "1724"]
[BlackElo "1761"]
[PlyCount "33"]
[EventDate "2019.03.21"]
[EventType "swiss"]
[EventRounds "9"]
[EventCountry "COL"]
[SourceTitle "CBM 189 Extra"]
[Source "ChessBase"]
[SourceDate "2019.06.03"]
[SourceVersion "1"]
[SourceVersionDate "2019.06.03"]
[SourceQuality "1"]

1. e4 e5 2. Nf3 Nc6 3. Bb5 f5 4. d3 Nf6 5. Nc3 fxe4 6. dxe4 Bb4 7. 0-0 Bxc3 8. bxc3 0-0 9. Bc4+ Kh8 10. Ng5 Qe7 11. Qd3 h6 12. Nf3 d6 13. Nh4 Kh7 14. Nf5 Bxf5 15. exf5 d5 16. Bxd5 Nxd5 17. f6+ 1-0

[Event "Tunja Boyacense op"]
[Site "Tunja"]
[Date "2018.12.16"]
[Round "6"]
[White "Orozco, Omar"]
[Black "Casas Ospina, Favio"]
[Result "1-0"]
[WhiteElo "1553"]
[BlackElo "1797"]
[PlyCount "49"]
[EventDate "2018.12.13"]
[EventType "swiss"]
[EventRounds "7"]
[EventCountry "COL"]
[SourceTitle "CBM 187 Extra"]
[Source "ChessBase"]
[SourceDate "2018.11.04"]
[SourceVersion "1"]
[SourceVersionDate "2018.11.04"]
[SourceQuality "1"]

1. d4 Nf6 2. c4 e5 3. dxe5 Ng4 4. Bf4 g5 5. Bg3 Bg7 6. Nf3 Nc6 7. Nc3 Ngxe5 8. e3 d6 9. Be2 Be6 10. Nd4 Bd7 11. a3 Qe7 12. 0-0 Nxd4 13. exd4 Nc6 14. Nb5 Qd8 15. c5 a6 16. Nxc7+ Qxc7 17. Bxd6 Qd8 18. d5 Ne7 19. Qb3 0-0 20. Qxb7 Nf5 21. Bxf8 Bxf8 22. c6 Nd4 23. Bxa6 Bf5 24. Rfd1 Rb8 25. c7 1-0

[Event "Bogota Mayores Alcaldia op 8th"]
[Site "Bogota"]
[Date "2018.06.10"]
[Round "5"]
[White "Casas Ospina, Favio"]
[Black "Lopez, Alberto1111"]
[Result "0-1"]
[WhiteElo "1907"]
[BlackElo "1601"]
[PlyCount "62"]
[EventDate "2018.06.08"]
[EventType "swiss"]
[EventRounds "7"]
[EventCountry "COL"]
[SourceTitle "CBM 184 Extra"]
[Source "ChessBase"]
[SourceDate "2018.06.28"]
[SourceVersion "1"]
[SourceVersionDate "2018.06.28"]
[SourceQuality "1"]

1. e4 c5 2. d4 cxd4 3. c3 e6 4. cxd4 d5 5. e5 Nc6 6. Nc3 Bb4 7. a3 Ba5 8. Qg4 Nge7 9. Nf3 Rg8 10. b4 Bb6 11. Bd3 h6 12. Bh7 g6 13. Bxg8 Nxg8 14. Nb5 Bc7 15. Nxc7+ Qxc7 16. 0-0 Qe7 17. h3 Bd7 18. Bd2 a6 19. Rfc1 b5 20. Rc5 Rc8 21. a4 Na7 22. axb5 Bxb5 23. Rac1 Rxc5 24. dxc5 Nc6 25. Qf4 g5 26. Qe3 Kd7 27. Bc3 Kc7 28. Ne1 Qd7 29. f4 d4 30. Bxd4 Qxd4 31. Kh1 Qxe3 0-1

[Event "Caldense-ch"]
[Site "Manizales"]
[Date "2017.10.29"]
[Round "7"]
[White "Casas Ospina, Favio"]
[Black "Mena, Yamil Octavio"]
[Result "1/2-1/2"]
[WhiteElo "1768"]
[BlackElo "1953"]
[PlyCount "68"]
[EventDate "2017.10.26"]
[EventType "swiss"]
[EventRounds "8"]
[EventCountry "COL"]
[SourceTitle "CBM 181 Extra"]
[Source "ChessBase"]
[SourceDate "2017.12.12"]
[SourceVersion "1"]
[SourceVersionDate "2017.12.12"]
[SourceQuality "1"]

1. e4 e5 2. Nf3 Nc6 3. d4 exd4 4. Nxd4 g6 5. Nxc6 bxc6 6. Qd4 Qf6 7. Qxf6 Nxf6 8. Bd3 Bg7 9. 0-0 0-0 10. Nd2 d5 11. h3 Re8 12. exd5 cxd5 13. Nb3 Be6 14. Nc5 Nd7 15. Nxe6 Rxe6 16. c3 Rb8 17. Bc2 c5 18. Rb1 Nb6 19. Bf4 Rbe8 20. Rfd1 d4 21. c4 h6 22. Bd3 g5 23. Bh2 Na4 24. Kf1 R8e7 25. Bc2 Nb6 26. Bd3 Na4 27. Bc2 Ra6 28. Bxa4 Rxa4 29. Bd6 Rd7 30. Bxc5 Rxc4 31. b4 a5 32. Rd3 axb4 33. Bxb4 Rb7 34. a3 Rc3 1/2-1/2

[Event "Caldense-ch"]
[Site "Manizales"]
[Date "2017.10.28"]
[Round "5"]
[White "Casas Ospina, Favio"]
[Black "Vargas, Eduar Misael"]
[Result "0-1"]
[WhiteElo "1768"]
[BlackElo "1928"]
[PlyCount "54"]
[EventDate "2017.10.26"]
[EventType "swiss"]
[EventRounds "8"]
[EventCountry "COL"]
[SourceTitle "CBM 181 Extra"]
[Source "ChessBase"]
[SourceDate "2017.12.12"]
[SourceVersion "1"]
[SourceVersionDate "2017.12.12"]
[SourceQuality "1"]

1. e4 c5 2. d4 cxd4 3. c3 dxc3 4. Nxc3 d6 5. Nf3 e6 6. Bc4 Be7 7. 0-0 Nf6 8. Qe2 0-0 9. e5 dxe5 10. Nxe5 a6 11. Rd1 Nbd7 12. g4 Qa5 13. Nd3 Qc7 14. Bb3 Bd6 15. h4 Nc5 16. Bc2 b6 17. g5 Nxd3 18. Qxd3 Rd8 19. Qe2 Bh2+ 20. Kf1 Rxd1+ 21. Bxd1 Nd7 22. Ne4 a5 23. Kg2 Bb7 24. Bc2 Nc5 25. f3 Nxe4 26. fxe4 Qg3+ 27. Kh1 Qg1# 0-1